000 00817aam a2200325a 44500
008 930318s1992 cat
020 _a8479180226
041 _acat
080 _a611:801.321.19
245 _aDiccionari visual Altea del cos humà
260 _a[Barcelona]
260 _bAltea
260 _c1992
300 _a64 p.
_bil.
_c32 cm.
490 _aDiccionaris Visuals Altea
500 _aÍndex: p. 60.
520 _aaprox. 1400
591 _a3621
592 _aObra terminològica
593 _aEA
594 _a3621
650 _aanatomia humana
_960633
650 _adiccionaris visuals
_960634
830 _aDiccionaris Visuals Altea
_960632
901 _c<1992>
902 _a930318
942 _cMO
_n0
999 _c51011
_d51011